000 01292nam a2200289 i 4500
003 EG-GICUC
005 20260121101542.0
008 251228s1997 ua ||||fr|||| 00| 0 ara d
040 _a EG-GICUC
_bara
_c EG-GICUC
_d EG-GICUC
_erda
041 0 _aara
082 0 4 _221
_a345.4
_bم ح . ن
092 0 4 _221
099 _aLaw1 07 345.4 م ح . ن 1997
100 0 _aمحمد عبد العال السناري
_eمؤلف.
245 1 0 _aنظم وأحكام الوظيفة العامة و السلطة الادارية والقانون الاداري في جمهورية مصر العربية.
_bدراسة مقارنة /
_cمحمد عبد العال السناري.
264 1 _a[مكان النشر غير محدد] :
_b[اسم الناشر غير محدد],
_c[1997؟]
300 _a736 صفحة ؛
_c24 سم.
336 _2rda content
_atext
337 _2rda media
_aComputer
338 _2rda carrier
_aOnline Resource
504 _aيحتوي على ارجاعات ببليوجرافية
546 _aالنص أغلبه باللغة العربية مع بعض النصوص الفرنسية
650 1 4 _aالوظائف العامة
_xالقانون الإداري
856 4 0 _uhttps://fll.law.cu.edu.eg/fulltext/bks/B07-01463.pdf
905 _a75
942 _2ddc
_cBK
_e21
_n0
999 _c52775
_d52775